Loading...
| Current Events | 1 | 10.00 | 100% | 0% | 0% |
| Fine Arts - Auditory Fine Arts | 3 | 10.00 | 100% | 0% | 0% |
| Fine Arts - Other Fine Arts | 2 | 10.00 | 100% | 0% | 0% |
| Fine Arts - Visual Fine Arts | 1 | 10.00 | 100% | 0% | 0% |
| Geography | 2 | 10.00 | 100% | 0% | 0% |
| History - American History | 3 | 13.33 | 100% | 33% | 0% |
| History - European History | 4 | 17.50 | 100% | 75% | 0% |
| History - Other History | 2 | 10.00 | 100% | 0% | 0% |
| History - World History | 2 | 10.00 | 100% | 0% | 0% |
| Literature - American Literature | 4 | 12.50 | 100% | 25% | 0% |
| Literature - British Literature | 3 | 13.33 | 67% | 67% | 0% |
| Literature - European Literature | 2 | 20.00 | 100% | 100% | 0% |
| Literature - World Literature | 3 | 13.33 | 67% | 67% | 0% |
| Mythology | 1 | 20.00 | 100% | 100% | 0% |
| Philosophy | 3 | 20.00 | 100% | 67% | 33% |
| Religion | 4 | 17.50 | 75% | 75% | 25% |
| Science - Biology | 4 | 7.50 | 75% | 0% | 0% |
| Science - Chemistry | 3 | 3.33 | 33% | 0% | 0% |
| Science - Other Science | 1 | 20.00 | 100% | 100% | 0% |
| Science - Physics | 4 | 25.00 | 100% | 100% | 50% |
| Social Science | 3 | 13.33 | 100% | 33% | 0% |